La cassa del Vaticano : (Record n. 28189)
[ formato base ]
| 000 -LEADER | |
|---|---|
| fixed length control field | 01103nam a2200325 i 4500 |
| 003 - CONTROL NUMBER IDENTIFIER | |
| control field | IT-RoINE |
| 005 - DATE AND TIME OF LATEST TRANSACTION | |
| control field | 20191031114654.0 |
| 008 - FIXED-LENGTH DATA ELEMENTS--GENERAL INFORMATION | |
| fixed length control field | 120217s2012 it |r 001|||ita|d |
| 020 ## - INTERNATIONAL STANDARD BOOK NUMBER | |
| International Standard Book Number | 9788854135222 |
| 040 ## - CATALOGING SOURCE | |
| Transcribing agency | IT-RoINE |
| Modifying agency | IT-RoINE |
| 041 1# - LANGUAGE CODE | |
| Language code of text/sound track or separate title | ita |
| Language code of original and/or intermediate translations of text | eng |
| 100 1# - MAIN ENTRY--PERSONAL NAME | |
| Personal name | Berry, Jason, |
| Dates associated with a name | 1949- |
| 9 (RLIN) | 55616 |
| 240 10 - UNIFORM TITLE | |
| Uniform title | Render unto Rome. |
| Language of a work | Italiano |
| 245 13 - TITLE STATEMENT | |
| Title | La cassa del Vaticano : |
| Remainder of title | la vita segreta del denaro nella Chiesa cattolica / |
| Statement of responsibility, etc | Jason Berry. |
| 260 ## - PUBLICATION, DISTRIBUTION, ETC. (IMPRINT) | |
| Place of publication, distribution, etc | Roma : |
| Name of publisher, distributor, etc | Newton Compton, |
| Date of publication, distribution, etc | 2012. |
| 300 ## - PHYSICAL DESCRIPTION | |
| Extent | 477 p. ; |
| Dimensions | 24 cm. |
| 336 ## - CONTENT TYPE | |
| Source | rdacontent |
| Content type term | text |
| 337 ## - MEDIA TYPE | |
| Source | rdamedia |
| Media type term | unmediated |
| 338 ## - CARRIER TYPE | |
| Source | rdacarrier |
| Carrier type term | volume |
| 490 1# - SERIES STATEMENT | |
| Series statement | Controcorrente ; |
| Volume number/sequential designation | 91 |
| 500 ## - GENERAL NOTE | |
| General note | Traducción de Giovanni Agnoloni e Floriana Pagano. |
| 500 ## - GENERAL NOTE | |
| General note | Incluye índice. |
| 504 ## - BIBLIOGRAPHY, ETC. NOTE | |
| Bibliography, etc | Referencias bibliográficas en nota final. |
| 650 #4 - SUBJECT ADDED ENTRY--TOPICAL TERM | |
| Topical term or geographic name as entry element | Bienes eclesiásticos |
| General subdivision | Administración |
| Chronological subdivision | Siglos 19o.-20o. |
| 9 (RLIN) | 55617 |
| 650 #4 - SUBJECT ADDED ENTRY--TOPICAL TERM | |
| Topical term or geographic name as entry element | Finanzas |
| 9 (RLIN) | 53787 |
| Geographic subdivision | Vaticano |
| 700 1# - ADDED ENTRY--PERSONAL NAME | |
| Personal name | Pagano, Floriana |
| 9 (RLIN) | 55619 |
| 700 1# - ADDED ENTRY--PERSONAL NAME | |
| Personal name | Agnoloni, Giovanni |
| 9 (RLIN) | 55620 |
| 830 #0 - SERIES ADDED ENTRY--UNIFORM TITLE | |
| Uniform title | Controcorrente ; |
| 9 (RLIN) | 55621 |
| Volume number/sequential designation | 91 |
| 942 ## - ADDED ENTRY ELEMENTS (KOHA) | |
| Item type | Monografías |
| Withdrawn status | Lost status | Damaged status | Not for loan | Home library | Current library | Date acquired | Total Checkouts | Full call number | Barcode | Date last seen | Price effective from | Koha item type |
|---|---|---|---|---|---|---|---|---|---|---|---|---|
| Iglesia Nacional Española en Roma | Iglesia Nacional Española en Roma | 19/12/2018 | HIS.ECL 994 | 53877 | 19/12/2018 | 19/12/2018 | Monografías |